000 00594nam a2200217Ia 4500
005 20250508154419.0
008 008 250505s9999 xx 000 0 eng d
037 _aTextual
040 _aFEDL
_beng
_cFEDL
041 _aeng
_2eng
084 _a371.42, JON
_qFEDL
100 _aJones Arthur J
245 0 _aPrinciples of guidance
250 _a5
260 _aNew York, USA
_bMcGraw-Hill Book Company
_c1963
300 _avii,305p
365 _aINR
_b13.5
650 _aTeaching; Vocational Guidance
_9760351
942 _cTEXL
_h371.42, JON
999 _c1350036
_d1350036